Tom Selleck Filmography - Statistics

General Stats
  • This quiz has been taken 29 times
    4 since last reset
  • The average score is 6 of 125
Answer Stats
Type Year Name % Correct
TV Show 2010-2024 Blue Bloods
100%
TV Show 1980-1988 Magnum, P.I.
100%
TV Show 1996-1997, 2000 Friends
75%
TV Show 1973 The F.B.I.
50%
Film 1972 Daughters of Satan
25%
Film 1997 In & Out
25%
Film 1984 Lassiter
25%
TV Show 2007-2008 Las Vegas
25%
Film 1970 Myra Breckinridge
25%
Film 1990 Quigley Down Under
25%
Award Show 1984 The 36th Primetime Emmy Awards
25%
Award Show 1985 The 57th Annual Academy Awards
25%
TV Mini-Series 1979 The Sacketts
25%
Film 1987 Three Men and a Baby
25%
Film 1990 Three Men and a Little Lady
25%
Documentary 2021 26th Street Garage: The FBI's Untold Story of 9/11
0%
Documentary Series 2013 30 for 30
0%
TV Film 1974 A Case of Rape
0%
Commercial 2016-Present American Advisors Group Reverse Mortgages
0%
TV Documentary 2010 American Serengeti
0%
Documentary Series 2006, 2007 America's Game: The Super Bowl Champions
0%
TV Special 2006 An American Celebration at Ford's Theater
0%
Film 1989 An Innocent Man
0%
Documentary Mini-Series 2014-2015 Arnie
0%
Theater 2001 A Thousand Clowns
0%
Commercial 1993 AT&T
0%
TV Documentary 1997 Big Guns Talk: The Story of the Western
0%
Documentary Series 2004 Biography
0%
TV Special 2024 Blue Bloods: Celebrating a Family Legacy
0%
TV Show 2006 Boston Legal
0%
TV Show 1969-1970 Bracken's World
0%
TV Film 1995 Broken Trust
0%
TV Film 1977 Bunco
0%
TV Show 1976 Charlie's Angels
0%
TV Film 1981 Christmas in Hawaii
0%
Film 1992 Christopher Columbus: The Discovery
0%
Commercial 2004 Chrysler PT Cruiser
0%
Commercial 1970s Close-Up Toothpaste
0%
Film 1978 Coma
0%
TV Film | TV Show 1979 Concrete Cowboys
0%
TV Film 2001 Crossfire Trail
0%
TV Film 1982 Divorce Wars: A Love Story
0%
TV Show 1976 Doctors' Hospital
0%
Commercial 1972 Dubonnet
0%
Commercial 2000 Ducks Unlimited
0%
Film 1992 Folks!
0%
Web Special 2021 Friends: The Reunion
0%
Film 1989 Her Alibi
0%
Film 1983 High Road to China
0%
TV Film 2004 Ike: Countdown to D-Day
0%
Documentary Series 2017 Jack
0%
TV Documentary 1983 James Bond: The First 21 Years
0%
TV Film 2012 Jesse Stone: Benefit of the Doubt
0%
TV Film 2006 Jesse Stone: Death in Paradise
0%
TV Film 2011 Jesse Stone: Innocents Lost
0%
TV Film 2015 Jesse Stone: Lost in Paradise
0%
TV Film 2006 Jesse Stone: Night Passage
0%
TV Film 2010 Jesse Stone: No Remorse
0%
TV Film 2007 Jesse Stone: Sea Change
0%
TV Film 2005 Jesse Stone: Stone Cold
0%
TV Film 2009 Jesse Stone: Thin Ice
0%
TV Show 1984 Jim Henson's Muppet Babies
0%
TV Show 1969 Judd, for the Defense
0%
Film 1996 Kids for Character
0%
Film 1997 Kids for Character: Choices Count!
0%
Film 2010 Killers
0%
TV Documentary 2009 Kingdom of the Blue Whale
0%
TV Show 1969 Lancer
0%
TV Film 1997 Last Stand at Saber River
0%
Commercial 1995-1997 Lipton Tea
0%
TV Show 1975 Lucas Tanner
0%
TV Show 1975 Mannix
0%
TV Show 1974, 1975 Marcus Welby, M.D.
0%
Film | Video Game 2007 Meet the Robinsons
0%
Film 1976 Midway
0%
Documentary Series 2016 MLB Network Presents
0%
TV Film 2003 Monte Walsh
0%
TV Show 1976 Most Wanted
0%
Film 1992 Mr. Baseball
0%
Documentary TBA Mr. George
0%
Commercial 2004 MSNBC
0%
TV Show 1986 Murder, She Wrote
0%
Documentary Series 2008 Nature Untamed
0%
Commercial 2008 NCAA
0%
Documentary Mini-Series 2013 North America
0%
Film 1995 Open Season
0%
TV Show 1973 Owen Marshall, Counselor at Law
0%
Commercial 2021 Paramount+
0%
TV Documentary 2016 Remember Pearl Harbor
0%
TV Film 1975 Returning Home
0%
TV Film 2004 Reversible Errors
0%
Commercial 1971 Right Guard Anti-Perspirant
0%
TV Film 1996 Ruby Jean and Joe
0%
Film 1984 Runaway
0%
TV Film 2000 Running Mates
0%
TV Show 1971 Sarge
0%
TV Documentary 1989 See Dick and Jane... Lie, Cheat and Steal: Teaching Morality to Kids
0%
TV Show 1982 Simon & Simon
0%
TV Documentary 2001 Special Ops: Mike Force
0%
TV Show 1979 Stockard Channing in Just Friends
0%
TV Film 1978 Superdome
0%
TV Show 1978 Taxi
0%
Film 1973 Terminal Island
0%
TV Mini-Series 2016 The American West
0%
TV Film 1979 The Chinese Typewriter
0%
TV Show 1998 The Closer
0%
TV Show 1982 The Fall Guy
0%
Film 1978 The Gypsy Warriors
0%
Film 1999 The Love Letter
0%
Short Documentary 1996 The Magic of Flight
0%
TV Film 1970 The Movie Murderer
0%
Documentary Mini-Series 1993 The Practical Guide to the Universe
0%
TV Show 1978, 1979 The Rockford Files
0%
TV Film 1982 The Shadow Riders
0%
TV Show 1975 The Streets for San Francisco
0%
Film 1977 The Washington Affair
0%
TV Show 1973 The Wide World of Mystery
0%
TV Documentary 1988 The World's Greatest Stunts: A Tribute to Hollywood Stuntmen
0%
TV Show 1974-1975, 2005 The Young and the Restless
0%
TV Documentary 2003 Time Machine: When Cowboys Were King
0%
TV Film 2003 Touch 'Em All McCall
0%
TV Film 2003 Twelve Mile Road
0%
TV Film 1996 Way Out West
0%
No matching quizzes found
Score Distribution
Percent of People with Each Score
Percentile by Number Answered
Your Score History
You have not taken this quiz since the last reset